You're Going To Lose That Girl - The Beatles full Lyrics - Statistics

General Stats
  • This quiz has been taken 21 times
  • The average score is 292 of 318
Answer Stats
Answer % Correct
a
100%
do)
100%
do?
100%
don't
100%
girl
100%
girl)
100%
girl,
100%
girl.
100%
gonna
100%
her
100%
her,
100%
I
100%
If
100%
lose
100%
lose...
100%
that
100%
the
100%
The
100%
will
100%
you
100%
You're
100%
you're
100%
(You're
100%
And
93%
and
93%
take
93%
treat
93%
be
87%
change
87%
mind
87%
mind)
87%
out
87%
right,
87%
She's
87%
(She's
87%
then,
87%
tonight,
87%
(Yes,
87%
yes,
87%
(I'm
80%
my
80%
Yeah.
80%
you'll
80%
can
73%
find
73%
gone
73%
gone)
73%
kind
73%
kind)
73%
friend,
67%
I'll
67%
lonely
67%
one
67%
one)
67%
only
67%
make
60%
not
60%
way
60%
what
60%
What
60%
away
53%
else
53%
Of
53%
point
53%
taking
53%
from
47%
'Cause
33%
(Watch
20%
No matching quizzes found
Score Distribution
Percent of People with Each Score
Percentile by Number Answered
Your Score History
You have not taken this quiz